| 000 | 00466nam a2200193Ia 4500 | ||
|---|---|---|---|
| 003 | OSt | ||
| 005 | 20250830105046.0 | ||
| 008 | 250729s2006 xx 000 0 und d | ||
| 020 | _a978-0745931135 | ||
| 040 | _cAL | ||
| 041 | _aeng | ||
| 082 | _a158.1 ATKB | ||
| 100 |
_aAtiklnson Sue _9222335 |
||
| 245 | _aBuilding self esteem | ||
| 260 |
_aMumbai _bBetter Yourself Publication _c2006 |
||
| 300 | _a245p | ||
| 650 |
_aPsychology _9222336 |
||
| 942 |
_2ddc _cBED |
||
| 999 |
_c235414 _d235414 |
||